List z Prahy

Bibliographic Details
Main Author: Dvořák, František, 1920-2015 (Author)
Format: Article
Language:Slovak
PhysicalDescription:Obr. 2.
Subjects:

MARC

LEADER 00000nab a2200000 a 4500
001 vtls000345527
003 SK-MaSNL
005 20260304195215.0
008 250424c1989 xo 0 slo
015 |a SNBRB19rr/mm-uuuuu 
035 |a CL0345649 
035 |a urn:nbn:sk:snk-ab8g7 
035 |a (urnnbn)urn:nbn:sk:snk:ar-0055cm 
035 |a (uuid)27723682-28e7-4736-a13f-1eb585ba3d79 
040 |a SNKBUCL  |b slo  |c SNKBUCL  |e AACR2 
041 0 |a slo 
044 |a xo  |c SK 
080 |a 656.835:061.4  |2 1981 
080 |a 061.4  |2 1981 
100 1 |a Dvořák, František,  |d 1920-2015  |4 aut  |9 167815 
245 1 0 |a List z Prahy  |c František Dvořák 
300 |b Obr. 2. 
650 0 7 |a Praga 1988 (prehliadka poštových známok medzinár.)  |2 snkbucl  |9 1529779 
655 7 |a články z novín a časopisov  |2 snkbucl  |9 267496 
773 0 |t Výtvarný život  |g Roč. 34, č. 1 (1989), s. 54-56 
850 |a Slovenská národná knižnica 
852 |a Slovenská národná knižnica 
954 |a odborná, vedecká literatúra cudzojazyčná (svetová)  |2 lita 
957 |a 3100 
958 |a article27 
958 |a OND 
958 |a CZ 
958 |a EUIPO 
992 |a RBX 
999 |c 3080139  |d 3082069